000 00654nam a2200229Ia 4500
003 OSt
005 20220926012014.0
006 a|||||r|||| 00| 0
007 ta
008 220923b |||||||| |||| 00| 0 eng d
037 _cGeneral Book
040 _aRTL
_cRTL
_beng
041 _2eng
_aeng
082 _aYxM64, L1
100 _aDronberger Ilse
_9315385
245 0 _aPolitical thought of Max Weber
_b In quest of states
260 _aNew York
_bAppleton-Century-Crofts
_c1973
300 _axiii,436p
_ccm.
500 _aAppendix: P 393-427
942 _hYxM64, L1
_cGB
_2CC
999 _c621489
_d621489